SC Paderborn 07 Squad 2019-2020 - Statistics

General Stats
  • This quiz has been taken 11 times
  • The average score is 16 of 32
Answer Stats
# Position Nation Player % Correct
17 GK Germany Leopold Zingerle
89%
- Coach Germany Steffen Baumgart
89%
20 DF Luxembourg Laurent Jans
78%
19 MF Morocco Abdelhamid Sabiri
67%
29 DF Nigeria Jamilu Collins
67%
21 GK Germany Jannik Huth
67%
39 MF Greece Sebastian Vasiliadis
67%
30 FW Germany Streli Mamba
67%
11 FW Germany Sven Michel
67%
27 FW Senegal Babacar Gueye
56%
10 MF Brazil Cauly
56%
22 FW Ghana Christopher Antwi-Adjei
56%
18 FW Germany Dennis Srbeny
56%
9 FW Germany Kai Pröger
56%
8 MF Albania Klaus Gjasula
56%
15 DF Germany Luca Kilian
56%
7 MF Germany Marlon Ritter
56%
2 DF Germany Uwe Hünemeier
56%
26 MF England Antony Evans
44%
5 DF Germany Christian Strohdiek
44%
25 DF Tunisia Mohamed Dräger
44%
6 MF Iceland Samúel Friðjónsson
44%
13 DF Germany Sebastian Schonlau
44%
31 FW Germany Ben Zolinski
33%
14 FW United States Khiry Shelton
33%
32 FW Germany Dennis Jastrzembski
22%
38 FW Germany Gerrit Holtmann
22%
1 GK Germany Michael Ratajczak
22%
24 MF Bosnia and Herzegovina Rifet Kapić
22%
4 DF Germany Jan-Luca Rumpf
11%
34 GK Germany Leon Brüggemeier
11%
14 MF Germany Adrian Oeynhausen
0%
No matching quizzes found
Score Distribution
Percent of People with Each Score
Percentile by Number Answered
Your Score History
You have not taken this quiz